Kinetics of alpha-amylase secretion in Aspergillus oryzae /
Đã lưu trong:
| Údair Eile: | , , , |
|---|---|
| Formáid: | Bài viết |
| Teanga: | English |
| Ábhair: | |
| Clibeanna: |
Cuir Clib Leis
Gan Chlibeanna, Bí ar an gcéad duine leis an taifead seo a chlibeáil!
|
| Thư viện lưu trữ: | Thư viện Trường Đại học Đà Lạt |
|---|
| LEADER | 00976nam a2200325 4500 | ||
|---|---|---|---|
| 001 | DLU090098532 | ||
| 005 | ##20091201 | ||
| 040 | # | # | |a DLU |b eng |
| 041 | # | # | |a eng |
| 044 | # | # | |a us |
| 245 | # | # | |a Kinetics of alpha-amylase secretion in Aspergillus oryzae / |c Anne L. Santerre Henriksen ... [et al.]. |
| 653 | # | # | |a Alpha-amylase |
| 653 | # | # | |a Aspergillus oryzae |
| 653 | # | # | |a Methionine uptake |
| 653 | # | # | |a Protein secretion |
| 653 | # | # | |a Pulse-chase |
| 700 | # | # | |a Bang, Henriette de. |
| 700 | # | # | |a Carlsen, Morten. |
| 700 | # | # | |a Henriksen, Anne L. Santerre. |
| 700 | # | # | |a Nielsen, Jens. |
| 773 | # | # | |t Biotechnology and Bioengineering |g Vol. 65, no. 1 (October 1999), p. 76-82 |
| 920 | # | # | |a Phòng Tạp chí -- Trung tâm Thông tin - Thư viện Trường Đại học Đà Lạt |
| 994 | # | # | |a DLU |
| 900 | # | # | |a True |
| 911 | # | # | |a Trương Bảo Trâm Anh |
| 925 | # | # | |a G |
| 926 | # | # | |a A |
| 927 | # | # | |a BB |
| 980 | # | # | |a Thư viện Trường Đại học Đà Lạt |